Các công cụ khai thác Windows Server 2003 /

Spremljeno u:
Bibliografski detalji
Glavni autor: Minh Mẫn.
Format: Sách giấy
Jezik:Vietnamese
Izdano: H. : Thống kê, 2003.
Teme:
Oznake: Dodaj oznaku
Bez oznaka, Budi prvi tko označuje ovaj zapis!
Thư viện lưu trữ: Thư viện Trường Đại học Đà Lạt
LEADER 00806nam a2200313 4500
001 DLU120140085
005 ##20120822
040 # # |a DLU  |b vie 
041 # # |a vie 
044 # # |a vn 
082 # # |a 005.43  |b MI-M 
100 # # |a Minh Mẫn. 
245 # # |a Các công cụ khai thác Windows Server 2003 /  |c Minh Mẫn. 
246 # # |a Các công cụ khai thác trong Windows Server 2003 
260 # # |a H. :  |b Thống kê,  |c 2003. 
300 # # |a 258 tr. :  |b minh hoạ ;  |c 20 cm. 
650 # # |a Microsoft Windows server. 
650 # # |a Windows (Chương trình máy tính). 
923 # # |a 05/2012 
991 # # |a GT 
992 # # |a 30500 
994 # # |a DLU 
900 # # |a True 
911 # # |a Đào Thị Thu Huyền 
925 # # |a G 
926 # # |a A 
927 # # |a SH 
980 # # |a Thư viện Trường Đại học Đà Lạt